[Event "SM-2012-0-00225"]
[Site "LSS email"]
[Date "2012.11.04"]
[Round "?"]
[White "Spashchansky, Aleksandr"]
[Black "Glatthaar, Michael"]
[Result "1/2-1/2"]
[WhiteElo "2249"]
[BlackElo "2249"]
[PlyCount "53"]
[EventDate "2012.10.19"]
[EventType "tourn (corr)"]
[EventRounds "6"]
[EventCountry "GER"]
[SourceTitle "Telechess CBM 163"]
[Source "ChessBase"]
[SourceDate "2014.11.11"]
[SourceVersion "2"]
[SourceVersionDate "2014.11.11"]
[SourceQuality "1"]

1. e4 e6 2. d4 d5 3. Nc3 Nf6 4. e5 Nfd7 5. f4 c5 6. Nf3 Nc6 7. Be3 cxd4 8. Nxd4 Bc5 9. Qd2 0-0 10. 0-0-0 a6 11. Nb3 b6 12. h4 Qc7 13. Kb1 Bb7 14. h5 Rfd8 15. Ne2 Na5 16. Nxa5 bxa5 17. Rh3 a4 18. g4 Rac8 19. Bd4 a5 20. f5 Ba6 21. Rc3 Bxe2 22. Bxe2 Qb7 23. h6 Bxd4 24. Qxd4 Rb8 25. b3 axb3 26. axb3 Qb4 27. hxg7 1/2-1/2

[Event "SM-2012-0-00193"]
[Site "LSS email"]
[Date "2012.03.17"]
[Round "?"]
[White "Baklanov, Valentin Petrovich"]
[Black "Spashchansky, Aleksandr"]
[Result "1/2-1/2"]
[WhiteElo "2353"]
[BlackElo "2227"]
[PlyCount "65"]
[EventDate "2012.02.09"]
[EventType "tourn (corr)"]
[EventRounds "6"]
[EventCountry "GER"]
[SourceTitle "Telechess CBM 153"]
[Source "ChessBase"]
[SourceDate "2013.03.14"]
[SourceVersion "1"]
[SourceVersionDate "2013.03.14"]
[SourceQuality "1"]

1. d4 Nf6 2. c4 e6 3. Nf3 d5 4. Nc3 c6 5. e3 Nbd7 6. Qc2 Bd6 7. Bd3 dxc4 8. Bxc4 0-0 9. 0-0 a6 10. a4 Qc7 11. b3 b5 12. Be2 Bb7 13. Bb2 c5 14. axb5 cxd4 15. exd4 axb5 16. Qd3 Qb8 17. Nxb5 Rxa1 18. Rxa1 Be4 19. Qc3 Nd5 20. Qc6 Bxf3 21. Bxf3 Bxh2+ 22. Kf1 N7f6 23. Ra7 h5 24. Ba3 Rd8 25. Qb7 Qxb7 26. Rxb7 h4 27. Bc1 Bf4 28. Bxf4 Nxf4 29. g3 hxg3 30. fxg3 N4d5 31. Ke2 g5 32. Na7 g4 33. Bxd5 1/2-1/2

[Event "SM-2011-0-00148"]
[Site "LSS email"]
[Date "2011.03.19"]
[Round "?"]
[White "Bernal Varela, Nelson"]
[Black "Spashchansky, Aleksandr"]
[Result "1-0"]
[WhiteElo "2298"]
[BlackElo "2198"]
[PlyCount "53"]
[EventDate "2011.02.16"]
[EventType "tourn (corr)"]
[EventRounds "6"]
[EventCountry "GER"]
[SourceTitle "Telechess CBM 151"]
[Source "ChessBase"]
[SourceDate "2012.11.13"]
[SourceVersion "1"]
[SourceVersionDate "2012.11.13"]
[SourceQuality "1"]

1. e4 c5 2. Nf3 d6 3. d4 cxd4 4. Nxd4 Nf6 5. Nc3 a6 6. Bg5 e6 7. f4 Nbd7 8. Qf3 Qc7 9. g4 b5 10. a3 Be7 11. 0-0-0 Rb8 12. Bxf6 Bxf6 13. g5 Be7 14. h4 b4 15. axb4 Rxb4 16. Qe3 Nc5 17. f5 Bd7 18. fxe6 fxe6 19. b3 0-0 20. Bc4 Rc8 21. Rhf1 Qa5 22. Nf5 Bf8 23. Nh6+ Kh8 24. Rf7 Rbb8 25. Rdf1 Bb5 26. Qf3 Nd7 27. Rxd7 1-0

[Event "SM-2011-0-00148"]
[Site "LSS email"]
[Date "2011.03.19"]
[Round "?"]
[White "Spashchansky, Aleksandr"]
[Black "Sidenko, Anatoly Viktorovich"]
[Result "1/2-1/2"]
[WhiteElo "2198"]
[BlackElo "2223"]
[PlyCount "74"]
[EventDate "2011.02.16"]
[EventType "tourn (corr)"]
[EventRounds "6"]
[EventCountry "GER"]
[SourceTitle "Telechess CBM 151"]
[Source "ChessBase"]
[SourceDate "2012.11.13"]
[SourceVersion "1"]
[SourceVersionDate "2012.11.13"]
[SourceQuality "1"]

1. e4 e5 2. Nf3 Nc6 3. Bb5 a6 4. Ba4 Nf6 5. 0-0 b5 6. Bb3 Bb7 7. d3 Be7 8. Nc3 d6 9. a4 Nd4 10. Nxd4 exd4 11. Ne2 c5 12. Ng3 0-0 13. Nf5 d5 14. e5 Nd7 15. Re1 g6 16. Qg4 c4 17. Ba2 Nc5 18. Nxe7+ Qxe7 19. Qxd4 Rfc8 20. Bd2 Ne6 21. Qg4 Rab8 22. axb5 axb5 23. Bb1 d4 24. Qg3 Ra8 25. Rxa8 Bxa8 26. c3 b4 27. dxc4 dxc3 28. bxc3 Qd7 29. Bh6 b3 30. Bf5 Rxc4 31. Rb1 Qd5 32. Bxe6 fxe6 33. Qg5 Rxc3 34. h4 Rh3 35. f3 Qc5+ 36. Qe3 Qxe3+ 37. Bxe3 Rxh4 1/2-1/2

[Event "CP-2009-Q-00001"]
[Site "LSS email"]
[Date "2011.02.03"]
[Round "?"]
[White "Grabowski, Tomasz"]
[Black "Spashchansky, Aleksandr"]
[Result "0-1"]
[WhiteElo "1958"]
[BlackElo "2217"]
[PlyCount "120"]
[EventDate "2011.02.05"]
[EventType "tourn (corr)"]
[EventRounds "8"]
[EventCountry "GER"]
[SourceTitle "Telechess CBM 151"]
[Source "ChessBase"]
[SourceDate "2012.11.13"]
[SourceVersion "1"]
[SourceVersionDate "2012.11.13"]
[SourceQuality "1"]

1. e4 c5 2. Nf3 d6 3. d4 cxd4 4. Nxd4 Nf6 5. Nc3 a6 6. Be3 e5 7. Nb3 Be6 8. f3 Be7 9. Qd2 0-0 10. 0-0-0 Nbd7 11. g4 b5 12. Rg1 Nb6 13. Na5 Rc8 14. g5 Nh5 15. Kb1 Nf4 16. Bxf4 exf4 17. Nb3 Bxg5 18. Qxd6 Rxc3 19. Qxd8 Bxd8 20. bxc3 Na4 21. Rd3 Bf6 22. Kc1 g6 23. Rd6 Ra8 24. c4 bxc4 25. Rxe6 Bb2+ 26. Kb1 fxe6 27. Bxc4 Kf7 28. Rg5 Rd8 29. c3 Bxc3 30. Bxa6 Kf6 31. Rg2 Be5 32. Kc1 Ra8 33. Bc4 Rc8 34. Rc2 Nc3 35. Nd2 g5 36. h3 h5 37. a4 Nxa4 38. Ba6 Rb8 39. Rc6 Bd4 40. Rc4 Nc5 41. Rxd4 Nxa6 42. Kd1 Nb4 43. Ke2 Nc6 44. Rc4 Ne5 45. Rc3 Ra8 46. Kf2 Ra2 47. Ke1 Ra1+ 48. Kf2 Rh1 49. Kg2 Rd1 50. Nf1 g4 51. fxg4 hxg4 52. hxg4 Nxg4 53. Kf3 Rxf1+ 54. Kxg4 Ke5 55. Rc6 Rd1 56. Kf3 Rd3+ 57. Kf2 Rd6 58. Rc4 Rd4 59. Rc6 Rxe4 60. Rc5+ Kd4 0-1

[Event "CP-2009-Q-00001"]
[Site "LSS email"]
[Date "2011.02.03"]
[Round "?"]
[White "Hruby, Milan"]
[Black "Spashchansky, Aleksandr"]
[Result "1/2-1/2"]
[WhiteElo "2221"]
[BlackElo "2217"]
[PlyCount "52"]
[EventDate "2011.02.05"]
[EventType "tourn (corr)"]
[EventRounds "8"]
[EventCountry "GER"]
[SourceTitle "Telechess CBM 151"]
[Source "ChessBase"]
[SourceDate "2012.11.13"]
[SourceVersion "1"]
[SourceVersionDate "2012.11.13"]
[SourceQuality "1"]

1. d4 Nf6 2. c4 e6 3. Nc3 Bb4 4. f3 c5 5. d5 b5 6. e4 0-0 7. e5 Ne8 8. f4 exd5 9. cxd5 d6 10. Nf3 Nc7 11. Be2 Bb7 12. 0-0 c4 13. a4 a6 14. Qc2 dxe5 15. fxe5 Nxd5 16. Ng5 g6 17. Bf3 Bxc3 18. bxc3 Nd7 19. Qe4 h6 20. Qd4 Nxe5 21. axb5 hxg5 22. Qxe5 axb5 23. Rxa8 Bxa8 24. Bxg5 Qb8 25. Qd4 Qb6 26. Qxb6 Nxb6 1/2-1/2

[Event "CP-2009-Q-00001"]
[Site "LSS email"]
[Date "2011.02.03"]
[Round "?"]
[White "Spashchansky, Aleksandr"]
[Black "Dard, Michel"]
[Result "1/2-1/2"]
[WhiteElo "2217"]
[BlackElo "2193"]
[PlyCount "49"]
[EventDate "2011.02.05"]
[EventType "tourn (corr)"]
[EventRounds "8"]
[EventCountry "GER"]
[SourceTitle "Telechess CBM 151"]
[Source "ChessBase"]
[SourceDate "2012.11.13"]
[SourceVersion "1"]
[SourceVersionDate "2012.11.13"]
[SourceQuality "1"]

1. e4 d6 2. d4 Nf6 3. Nc3 Nbd7 4. f4 e5 5. Nf3 exd4 6. Qxd4 c6 7. Be3 d5 8. exd5 Bc5 9. Qd3 Qe7 10. Nd4 Nxd5 11. Nxd5 cxd5 12. Nf5 Qf6 13. 0-0-0 0-0 14. g4 Re8 15. Bxc5 Nxc5 16. Qxd5 Bxf5 17. Qxf5 Qxf5 18. gxf5 Re4 19. f6 gxf6 20. Rg1+ Kf8 21. Rg4 Rc8 22. Rh4 Rc7 23. Bh3 Ne6 24. Rxh7 Ke7 25. Bxe6 1/2-1/2

[Event "LSS SM-2009-0-00068"]
[Site "LSS email"]
[Date "2009.08.21"]
[Round "?"]
[White "Spashchansky, Aleksandr"]
[Black "Wosch, Arkadiusz Janusz"]
[Result "1/2-1/2"]
[WhiteElo "2196"]
[BlackElo "2269"]
[PlyCount "35"]
[EventDate "2009.07.10"]
[EventType "tourn (corr)"]
[EventRounds "6"]
[EventCountry "GER"]
[SourceTitle "Telechess CBM 137"]
[Source "ChessBase"]
[SourceDate "2010.07.15"]
[SourceVersion "1"]
[SourceVersionDate "2010.07.15"]
[SourceQuality "1"]

1. e4 c5 2. Nf3 Nc6 3. d4 cxd4 4. Nxd4 Nf6 5. Nc3 d6 6. Bg5 e6 7. Qd2 a6 8. 0-0-0 Bd7 9. f4 b5 10. Bxf6 gxf6 11. Kb1 Qb6 12. Nxc6 Bxc6 13. f5 h5 14. Qd3 Qc5 15. Qf3 Ke7 16. Bd3 b4 17. Ne2 Bh6 18. Rhe1 1/2-1/2

[Event "LSS SB-2008-0-00039"]
[Site "LSS email"]
[Date "2009.01.30"]
[Round "?"]
[White "Yarmolyuk, Yury"]
[Black "Spashchansky, Aleksandr"]
[Result "1/2-1/2"]
[WhiteElo "1988"]
[BlackElo "2196"]
[PlyCount "95"]
[EventDate "2009.01.20"]
[EventType "tourn (corr)"]
[EventRounds "6"]
[EventCountry "GER"]
[SourceTitle "Corr 2011"]
[Source "ChessBase"]
[SourceDate "2010.08.31"]
[SourceVersion "1"]
[SourceVersionDate "2010.08.31"]
[SourceQuality "1"]

1. Nf3 Nf6 2. d4 d5 3. c4 c6 4. Nc3 e6 5. e3 Nbd7 6. Bd3 dxc4 7. Bxc4 b5 8. Bd3 Bd6 9. Qc2 Bb7 10. 0-0 0-0 11. a3 a5 12. e4 e5 13. Rd1 Qc7 14. h3 exd4 15. Nxd4 Nc5 16. Bg5 Bh2+ 17. Kh1 Be5 18. Nf3 h6 19. Be3 Nxd3 20. Rxd3 Bxc3 21. Rxc3 Rfe8 22. Nd2 a4 23. f3 Nd7 24. Rc1 Rad8 25. b3 Ra8 26. b4 Rad8 27. Nf1 Nb6 28. Bxb6 Qxb6 29. Ne3 Rd7 30. Nf5 Qd8 31. Re3 Kh7 32. Qc3 f6 33. Rce1 Rd2 34. f4 Bc8 35. Nh4 Qd6 36. e5 fxe5 37. fxe5 Qd4 38. Nf3 Qxc3 39. Rxc3 Rb2 40. Kh2 Be6 41. Rxc6 Bd5 42. Rc3 Rb3 43. Rce3 Rxe3 44. Rxe3 Bxf3 45. gxf3 Kg6 46. f4 Kf5 47. Kg3 g5 48. fxg5 1/2-1/2

[Event "LSS SB-2008-0-00039"]
[Site "LSS email"]
[Date "2009.01.29"]
[Round "?"]
[White "Remde, Alexander"]
[Black "Spashchansky, Aleksandr"]
[Result "1/2-1/2"]
[WhiteElo "2085"]
[BlackElo "2196"]
[PlyCount "38"]
[EventDate "2009.01.20"]
[EventType "tourn (corr)"]
[EventRounds "6"]
[EventCountry "GER"]
[SourceTitle "Corr 2011"]
[Source "ChessBase"]
[SourceDate "2010.08.31"]
[SourceVersion "1"]
[SourceVersionDate "2010.08.31"]
[SourceQuality "1"]

1. e4 c5 2. Nf3 d6 3. d4 cxd4 4. Nxd4 Nf6 5. Nc3 a6 6. Bg5 e6 7. f4 Qb6 8. Qd2 Qxb2 9. Rb1 Qa3 10. e5 h6 11. Bh4 dxe5 12. fxe5 g5 13. exf6 gxh4 14. Be2 Qa5 15. 0-0 h3 16. Qe3 Rg8 17. g3 Rg5 18. Bf3 Re5 19. Ne4 Qxa2 1/2-1/2

[Event "LSS SB-2008-0-00037"]
[Site "LSS email"]
[Date "2009.01.03"]
[Round "?"]
[White "McDonald, Graham R"]
[Black "Spashchansky, Aleksandr"]
[Result "0-1"]
[WhiteElo "1926"]
[BlackElo "2196"]
[PlyCount "90"]
[EventDate "2008.12.22"]
[EventType "tourn (corr)"]
[EventRounds "6"]
[EventCountry "GER"]
[SourceTitle "Telechess CBM 137"]
[Source "ChessBase"]
[SourceDate "2010.07.15"]
[SourceVersion "1"]
[SourceVersionDate "2010.07.15"]
[SourceQuality "1"]

1. e4 c5 2. Nf3 d6 3. d4 cxd4 4. Nxd4 Nf6 5. Nc3 a6 6. f4 e5 7. Nf3 Nbd7 8. a4 Be7 9. Bd3 0-0 10. 0-0 Nc5 11. Kh1 Qc7 12. Qe1 Re8 13. fxe5 dxe5 14. Qg3 Be6 15. Ng5 Qc6 16. Nxe6 Qxe6 17. Be3 Rac8 18. Bxc5 Rxc5 19. Rad1 Rd8 20. Qe1 h6 21. b3 Rd4 22. Ne2 Rd7 23. Ng3 g6 24. Qe3 Kg7 25. Bc4 Qc6 26. Rxd7 Qxd7 27. Qe2 b5 28. axb5 axb5 29. Bd3 b4 30. Qf3 Ra5 31. h3 Qa7 32. Kh2 Ra1 33. Rxa1 Qxa1 34. Qf1 Qa7 35. Ne2 Qb7 36. Qf3 Bc5 37. g4 h5 38. g5 Nh7 39. h4 f6 40. gxf6+ Nxf6 41. Kg3 Ng4 42. Bc4 Qd7 43. Qd3 Qe7 44. Qf3 Bf2+ 45. Kg2 Bxh4 0-1

[Event "LSS OP-2008-0-00668"]
[Site "LSS email"]
[Date "2008.10.31"]
[Round "?"]
[White "Centers, Jonathan"]
[Black "Spashchansky, Aleksandr"]
[Result "0-1"]
[WhiteElo "2504"]
[BlackElo "2217"]
[PlyCount "24"]
[EventDate "2008.10.29"]
[EventType "tourn (corr)"]
[EventRounds "4"]
[EventCountry "GER"]
[SourceTitle "Corr 2013"]
[Source "ChessBase"]
[SourceDate "2012.11.12"]
[SourceVersion "1"]
[SourceVersionDate "2012.11.12"]
[SourceQuality "1"]

1. Nc3 d5 2. d4 Nf6 3. Nf3 g6 4. g3 Bg7 5. Bg2 0-0 6. 0-0 c6 7. Bf4 Bf5 8. h3 Ne4 9. Nxe4 Bxe4 10. c3 Nd7 11. Qb3 Qb6 12. Rfe1 Rfe8 0-1